000 00999nas a2200301 4500
001 BR2013006313
003 BR-BrBNA
005 20231205122752.0
007 ta
008 230509b bl.|||p| |||| 00| 00por d
040 _aBR-BrBNA
_bpor
_cBiblioteca Nacional de Agricultura
041 _a(En)
072 _aP33; F08; F07
100 1 _aEscobar, L.F.
100 1 _aAmado, T.J.C.
100 1 _abayer, C.
100 1 _aChavez, L.F.
100 1 _aZanatta, J.A.
100 1 _aFiorin, J.E.
245 1 _aPostharvest nitrous oxide emissions from a subtropical oxisol as influenced by summer chop residues and their management
650 _aMANEJO DO SOLO
650 _aROTAÇÃO DE CULTURA
650 _aANÁLISE DO SOLO
773 0 _tRevista Brasileira de Ciência do Solo (Brazil)
_xISSN 0100-0683
_g(Mar-Apr 2010), v. 34(2) p. 507-516
_wBR2013006313
856 4 0 _uhttp://www.scielo.br/pdf/rbcs/v34n2/v34n2a24.pdf
909 _a202311
_bLúcia
_c55
_dLúcia Elande
942 _2AGRIS
_n0
_cANA
999 _c230454
_d230454